| 000 | 00952nam a22003257a 4500 | ||
|---|---|---|---|
| 003 | IBSLLIB | ||
| 005 | 20260513084239.0 | ||
| 008 | 260513b |||||||| |||| 00| 0 eng d | ||
| 020 | _a9780297851479 | ||
| 040 |
_aIBSLLIB _beng |
||
| 041 | _hEng | ||
| 082 |
_a658.4 _bCOH |
||
| 100 | _aCohen , Ronald | ||
| 245 |
_aThe Second Bounce Of The Ball : _bTurning risk into opportunity |
||
| 260 |
_aLondon : _bWeidenfeld & Nicolson , _c2007 |
||
| 300 |
_a295 p ; _c24 cm |
||
| 505 | _aClimbing the north face | ||
| 505 | _aFear of failure | ||
| 505 | _aCalibrating opportunities | ||
| 505 | _aTiming is everything | ||
| 505 | _aLeading a winning team | ||
| 505 | _aSmart Money | ||
| 505 | _aEgo , Intellect and intuition | ||
| 505 | _aChance perseverance and luck | ||
| 505 | _aDoing it right | ||
| 505 | _aExits And enterances | ||
| 650 | _aManagement and Auxiliary services | ||
| 653 | _aprobability | ||
| 942 | _cLBK | ||
| 999 |
_c22124 _d22124 |
||